Loreto College Library, Kolkata
WEBOPAC (ONLINE PUBLIC ACCESS CATALOGUE)

My Mass (Record no. 24459)

MARC details
000 -LEADER
fixed length control field 00452nam a2200193Ia 4500
005 - DATE AND TIME OF LATEST TRANSACTION
control field 20260622125720.0
008 - FIXED-LENGTH DATA ELEMENTS--GENERAL INFORMATION
fixed length control field 131103s9999 xx 000 0 und d
040 ## - CATALOGING SOURCE
Original cataloging agency Loreto College
041 ## - LANGUAGE CODE
Language code English
082 ## - DDC | ডিউই
Classification number | বর্গসংখ্যা 264.025
Book Number | গ্রন্থাঙ্ক PUT
100 ## - MAIN ENTRY--PERSONAL NAME | মুখ্য সংলেখ - ব্যাক্তিনাম
Personal name | ব্যাক্তিনাম Putz, Joseph
245 ## - TITLE STATEMENT | অাখ্যা বিবরণী
Title | অাখ্যা My Mass
Statement of responsibility | লেখকের দায়িত্বের বিবরণ Joseph Putz
260 ## - IMPRINT | প্রকাশনা ক্ষেত্র
Place of publication | প্রকাশ স্থান Ranchi
Name of publisher | প্রকাশকের নাম Catholic
Date of publication | প্রকাশ কাল 1938
300 ## - PHYSICAL DESCRIPTION |
Page / Vol. No | পৃষ্ঠা / খন্ড সংখ্যা iii,77p.
650 ## - SUBJECT ADDED ENTRY--TOPICAL TERM | বিষয় শিরোনাম - মূল বিষয়
Topical term | মূল বিষয় Mass
651 ## - SUBJECT ADDED ENTRY--GEOGRAPHIC NAME | বিষয় শিরোনাম - ভৌগলিক নাম
Geographic name | ভৌগলিক বিষয় Christian religion
850 ## - HOLDING INSTITUTION
Holding institution LCLIB
942 ## - ADDED ENTRY ELEMENTS (KOHA)
Koha item type Books
Holdings
Withdrawn status Lost status Source of classification Damaged status Not for loan Home library Current library Date acquired Total Checkouts Full call number Accession No. Date last seen Price effective from Koha item type Coded location qualifier
    Dewey Decimal Classification     Loreto College Loreto College 04/11/2013   264.025 PUT B27177 04/11/2013 04/11/2013 Books  
    Dewey Decimal Classification     Loreto College Loreto College 04/11/2013   264.025 PUT B27178 04/11/2013 04/11/2013 Books  
    Dewey Decimal Classification     Loreto College Loreto College 04/11/2013   264.025 PUT B27179 04/11/2013 04/11/2013 Books  
    Dewey Decimal Classification     Loreto College Loreto College 04/11/2013   264.025 PUT B27180 04/11/2013 04/11/2013 Books  
    Dewey Decimal Classification     Loreto College Loreto College 04/11/2013   264.025 PUT B28365 04/11/2013 04/11/2013 Books  
    Dewey Decimal Classification     Loreto College Loreto College 04/11/2013   264.025 PUT B28366 04/11/2013 04/11/2013 Books